Perspectives in Marxist Anthropology

Saved in:
Bibliographic Details
Main Author: Godelier, Maurice
Format: Book
Language:Undetermined
Published: London Cambridge University Press 1973
Subjects:
Tags: Add Tag
No Tags, Be the first to tag this record!
Institutions: Trung tâm Học liệu Trường Đại học Cần Thơ
LEADER 00507nam a2200181Ia 4500
001 CTU_89971
008 210402s9999 xx 000 0 und d
082 |a 335.43 
082 |b G579 
100 |a Godelier, Maurice 
245 0 |a Perspectives in Marxist Anthropology 
245 0 |c Maurice Godelier 
260 |a London 
260 |b Cambridge University Press 
260 |c 1973 
650 |a Marxist anthropology. 
904 |i Ngọc Loan,Hải 
980 |a Trung tâm Học liệu Trường Đại học Cần Thơ